00301nam a2200109Ia 4500008004000000082001300040100001800053245004600071260004100117300001300158650002000171210210b1967 xxu||||| |||| 00| 0 eng d a362 TIMS aTIMMS (Noel). aSociological approach to social problems. aLondonbRoutledge & Kegan Paulc1967 aviii,108 aSocial problems